| 000 | 00642nam a2200241Ia 4500 | ||
|---|---|---|---|
| 008 | 170203s9999 xx 000 0 und d | ||
| 020 | _a9781844210879 (pbk.) | ||
| 050 | _a791.436 | ||
| 050 | _b.W746a 2005 | ||
| 100 | _aWilshin, Mark. | ||
| 245 | 2 | _aA cinematic history of action & adventure / | |
| 245 | _cMark Wilshin. | ||
| 260 | _aChicago, Ill. : | ||
| 260 | _bRaintree, | ||
| 260 | _cc2005. | ||
| 300 | _a32 p. : | ||
| 300 | _bill. (some col.) ; | ||
| 300 | _c29 cm. | ||
| 440 | _aA Cinematic history of | ||
| 500 | _aincludes index. | ||
| 650 | _aAction and adventure films-- | ||
| 650 | _xHistory and criticism. | ||
| 999 |
_c305514 _d305514 |
||